000 00588nam a2200193 a 4500
001 6991
005 20180713190854.0
008 140415s1987 mx 000 0 spa d
041 _aspa
082 _a519.4
_bCHA
100 1 _aCHAPRA, STEVEN C.
245 1 0 _aMETODOS NUMERICOS PARA INGENIEROS :
_bCON APLICACIONES EN COMPUTADORAS PERSONALES
250 _a1a ed.
260 _aMEXICO :
_bMC GRAW HILL,
_c1987
300 _a641
650 1 4 _aECUACIONES FUNCIONALES
_xPROGRAMACION (MATEMATICAS)
700 1 _aZAPATA, CARLOS
_etr.
700 1 _aCANALES, RAYMOND P.
_ecoaut.
999 _c6991
_d6991